00882nam a22002777a 450000500170000001000240001702000260004102000230006702000260009002000230011603500130013903500170015203500130016903700210018203700140020308200080021710000170022524501130024225000160035526000440037127000500041530000360046549000450050165000410054670000170058720170503143427.0 aBAC-EN21/ENG-108798 a9781259064302c675.00 a1259064301c675.00 a9781259064302c725.00 a1259064301c725.00 aEN-92331 aB-581743-775 aB-666121 bPragati/Venadpl bDBAD/ PUB a574 aVinay Kumar  aComplete biology for NEET & other medical college entrance examinations /cby Vinay Kumar [and] S.S. Bhatia a3rd rev. ed aNew Delhi bMcGraw-Hill Educationc2013 aP-24 Green Park ExtensionbNew Delhi e110016 axxx,1309p. :c25cm(pbk) bill.  aTata McGraw-Hill's winning edge series  aBiologyxExamination, question, etc. aBhatia, S.S.